UBT Library

Economics and human welfare : (Record no. 39585)

000 -LEADER
fixed length control field 00586cam a2200217 i 4500
001 - CONTROL NUMBER
control field 1792603
005 - DATE AND TIME OF LATEST TRANSACTION
control field 20180103032112.0
008 - FIXED-LENGTH DATA ELEMENTS--GENERAL INFORMATION
fixed length control field 790416s1979 nyu b 010 0 eng
010 ## - LIBRARY OF CONGRESS CONTROL NUMBER
LC control number 78022519
020 ## - INTERNATIONAL STANDARD BOOK NUMBER
International Standard Book Number 0121188507
040 ## - CATALOGING SOURCE
Original cataloging agency DLC
Transcribing agency DLC
Modifying agency DLC
041 ## - LANGUAGE CODE
Language code of text/sound track or separate title eng
080 ## - UNIVERSAL DECIMAL CLASSIFICATION NUMBER
Universal Decimal Classification number 330 BOS
082 00 - DEWEY DECIMAL CLASSIFICATION NUMBER
Classification number 330 BOS
100 ## - Rafti
Rafti 52
101 ## - Shkurtesa
Shkurtesa EKO
245 00 - TITLE STATEMENT
Title Economics and human welfare :
Statement of responsibility, etc edited by Michael J. Boskin.
504 ## - BIBLIOGRAPHY, ETC. NOTE
Bibliography, etc Includes bibliographies.
906 ## - LOCAL DATA ELEMENT F, LDF (RLIN)
a 7
b cbc
c orignew
d 1
e ocip
f 19
g y-gencatlg
942 ## - ADDED ENTRY ELEMENTS (KOHA)
Source of classification or shelving scheme
Item type Books
Holdings
Withdrawn status Lost status Source of classification or shelving scheme Damaged status Not for loan Collection code Permanent location Current location Shelving location Date acquired Total Checkouts Full call number Barcode Date last seen Price effective from Koha item type
          Koleksioni i përgjithshem UBT - Lipjan UBT - Lipjan Koleksioni i përgjithshem 01/03/2018   330 BOS 002-2994246 01/03/2018 01/03/2018 Books
UBT Library © 2015-2024. All rights reserved University Education for Business and Technology